[Event "VIE-ch U13"]
[Site "Da Lat"]
[Date "2013.07.??"]
[Round "5"]
[White "La, Hoang Linh"]
[Black "Do, Duc Viet"]
[Result "0-1"]
[WhiteElo "1956"]
[BlackElo "1677"]
[PlyCount "134"]
[EventDate "2013.07.13"]
[EventType "swiss"]
[EventRounds "9"]
[EventCountry "VIE"]
[SourceTitle "EXT 2014"]
[Source "ChessBase"]
[SourceDate "2013.11.20"]
[SourceVersion "1"]
[SourceVersionDate "2013.11.20"]
[SourceQuality "1"]

1. e4 c6 2. Nc3 d5 3. exd5 cxd5 4. d4 Nc6 5. Bb5 a6 6. Ba4 Bf5 7. Nge2 e6 8. 0-0 Bd6 9. Bf4 Nf6 10. Qd2 0-0 11. h3 Bxf4 12. Qxf4 Rc8 13. Ng3 Bg6 14. Nce2 b5 15. Bb3 Na5 16. c3 Qb6 17. Qd2 Rb8 18. Bc2 Nc4 19. Qc1 Rfc8 20. Bxg6 hxg6 21. Kh1 b4 22. Qc2 bxc3 23. bxc3 Qc7 24. Qa4 Rb6 25. Rfb1 Rc6 26. Qb4 Nd2 27. Rb2 Nde4 28. Kg1 Nxc3 29. Nxc3 Rxc3 30. Qb6 Rc6 31. Qxc7 R8xc7 32. Rb8+ Rc8 33. Rb7 Rc1+ 34. Rxc1 Rxc1+ 35. Kh2 Rc2 36. a3 Rc3 37. a4 Rc4 38. a5 Ra4 39. Rb8+ Kh7 40. Rb7 Rxa5 41. Rxf7 Ra4 42. Re7 Rxd4 43. Rxe6 a5 44. Ra6 a4 45. Ne2 Rc4 46. Rd6 a3 47. Ra6 Rc2 48. Nd4 Rd2 49. Nb3 Rd3 50. Nc5 Rc3 51. Na4 Rc2 52. Nb6 a2 53. f3 d4 54. Nc4 Rxc4 55. Rxa2 d3 56. Rd2 Rd4 57. Kg3 Nd5 58. Kf2 Kh6 59. g3 Kg5 60. f4+ Kf5 61. Kf3 g5 62. fxg5 Kxg5 63. h4+ Kf5 64. g4+ Rxg4 65. Rxd3 Nf6 66. h5 Rh4 67. Rd7 Nxd7 0-1

[Event "VIE-ch U13"]
[Site "Da Lat"]
[Date "2013.07.??"]
[Round "3"]
[White "Nguyen, Dang Hai"]
[Black "La, Hoang Linh"]
[Result "1/2-1/2"]
[WhiteElo "1978"]
[BlackElo "1956"]
[PlyCount "115"]
[EventDate "2013.07.13"]
[EventType "swiss"]
[EventRounds "9"]
[EventCountry "VIE"]
[SourceTitle "EXT 2014"]
[Source "ChessBase"]
[SourceDate "2013.11.20"]
[SourceVersion "1"]
[SourceVersionDate "2013.11.20"]
[SourceQuality "1"]

1. d4 d5 2. c4 c6 3. Nc3 Nf6 4. Nf3 Bg4 5. e3 e6 6. Be2 Bb4 7. 0-0 0-0 8. h3 Bh5 9. Qb3 Qa5 10. c5 Nbd7 11. Na4 b5 12. cxb6 axb6 13. Nc3 Bxc3 14. bxc3 Ne4 15. c4 Qa4 16. Qxa4 Rxa4 17. cxd5 Nc3 18. Bd1 Nxd1 19. Rxd1 exd5 20. g4 Bg6 21. Rd2 Rfa8 22. Rb2 Bd3 23. Ne1 Bc4 24. a3 Rxa3 25. Rxa3 Rxa3 26. Nc2 Ra2 27. Rxa2 Bxa2 28. Nb4 Bc4 29. Nxc6 g6 30. Ba3 h5 31. f3 Kg7 32. Kf2 hxg4 33. hxg4 g5 34. Ne7 b5 35. Bb4 Kh7 36. Nf5 Bd3 37. Nd6 Kg6 38. Ke1 Nb8 39. Kd2 Bc4 40. Nxc4 bxc4 41. e4 dxe4 42. fxe4 Nd7 43. Ke3 Kf6 44. e5+ Ke6 45. Ke4 Nb6 46. Bd2 f6 47. exf6 Kxf6 48. d5 Na4 49. Kd4 Nb2 50. Kc3 Nd3 51. Kxc4 Ne5+ 52. Kc5 Nxg4 53. Bc3+ Kg6 54. d6 Nh6 55. Bd2 Nf7 56. d7 Kf6 57. Kd5 Ke7 58. Bxg5+ 1/2-1/2